| 000 | 01249nam a2200361 i 4500 | ||
|---|---|---|---|
| 005 | 20220316235959.0 | ||
| 007 | ta | ||
| 008 | 201020s19932018mx a b 000 j spa d | ||
| 020 | _a9789681642723 | ||
| 040 |
_aCO-BoRNBP _bspa _erda _cCO-BoRNBP |
||
| 041 | 1 |
_aspa _heng |
|
| 084 | _aC BRO1 | ||
| 100 | 1 |
_aBrowne, Anthony _d1946- _eautor |
|
| 245 | 1 | 0 |
_aZoológico _cAnthony Browne ; traducción Carmen Esteva |
| 250 |
_aPrimera edición _bOctava reimpresión |
||
| 264 | 1 |
_aMéxico _bFondo de Cultura Económica _c1993 _c2018 |
|
| 300 |
_a25 páginas _bilustraciones _c30 cm |
||
| 336 |
_atexto _btxt _2rdacontent |
||
| 337 |
_asin mediación _bn _2rdamedia |
||
| 338 |
_avolumen _bnc _2rdacarrier |
||
| 490 | 0 | _aLos especiales de A la orilla del viento | |
| 521 | _aRecomendado para un público infantil mayor de 6 años | ||
| 534 | _tZoo | ||
| 650 | 1 | 7 |
_2LEMB _aCuentos infantiles ingleses _ySiglo XX |
| 650 | 1 | 7 |
_2LEMB _aLiteratura infantil inglesa _ySiglo XX |
| 650 | 1 | 7 |
_2LEMB _aAutores ingleses _ySiglo XX |
| 650 | 1 | 7 |
_2LEMB _aZoológicos _vCuentos |
| 650 | 1 | 7 |
_2LEMB _aAnimales salvajes _vCuentos |
| 650 | 1 | 7 |
_2LEMB _aHermanos _vCuentos |
| 650 | 1 | 7 |
_2LEMB _aFamilia _vCuentos |
| 700 | 1 |
_aEsteva, Carmen _etraductora _94749 |
|
| 942 |
_2loc _cBKLIT |
||
| 999 |
_c2815 _d2815 |
||